000 00359nam a2200133Ia 4500
008 240624s9999 xx 000 0 und d
041 _aeng
082 _a303.4909 BUR
100 _aBURROWS MATHEW
245 _aFUTURE DECLASSIFIED MEGATRENDS THAT WILL
260 _c2014
_aNew York
_bPalgrave Macmillan
300 _avi, : 281 : p. : cm. ; 24
365 _c
_b50
999 _c27333
_d27333